| 000 | 00578 a2200181 4500 | ||
|---|---|---|---|
| 999 |
_c7683 _d7683 |
||
| 010 | _aENG-88148 | ||
| 020 | _c80.00 | ||
| 035 | _aEN-71681 | ||
| 037 | _bDBAD / PUB | ||
| 082 | 1 | 4 | _a133.5 |
| 100 | 1 | _aHariharan, K. | |
| 245 | 1 |
_aK.P. replaces the unscientific method / _cby K. Hariharan [and] K.S. Krishnamurti |
|
| 260 |
_aChennai _bKrishnamurti Publications _c2001 |
||
| 270 |
_aF-21, First Floor, Spencer Plaza, 769, Anna Salai _bChennai _e600 002 |
||
| 300 |
_a174 p. _c21 cm (Pbk) |
||
| 700 | _aKrishnamurti, K.S. | ||
| 942 |
_adpl _cEN _2ddc _h133.5 _mHAR |
||